Mathematical models : mechanical vibrations, population dynamics, and traffic flow : (an introduction to applied mathematics) /
Guardado en:
| Autor Principal: | |
|---|---|
| Formato: | Libro |
| Idioma: | English |
| Publicado: |
Englewood Cliffs, N.J. :
Prentice-Hall,
c1977.
|
| Materias: | |
| Etiquetas: |
Agregar Etiqueta
Sin Etiquetas, Sea el primero en etiquetar este registro!
|
| LEADER | 00945cam a2200253 a 4500 | ||
|---|---|---|---|
| 001 | MAT.inmabb002922 | ||
| 008 | 761014s1977####njua#####b####001#0#eng## | ||
| 005 | 20181128162435.0 | ||
| 245 | 1 | 0 | |a Mathematical models : |b mechanical vibrations, population dynamics, and traffic flow : (an introduction to applied mathematics) / |c Richard Haberman. |
| 260 | |a Englewood Cliffs, N.J. : |b Prentice-Hall, |c c1977. | ||
| 300 | |a xiii, 402 p. : |b il. ; |c 24 cm. | ||
| 504 | |a Incluye referencias bibliográficas. | ||
| 510 | 4 | |a MR, |c 55 #14066 | |
| 020 | |a 0135617383 | ||
| 100 | 1 | |a Haberman, Richard, |d 1945- | |
| 084 | |a 00A69 (00A71 34-01 70-01 90-01) |2 msc2000 | ||
| 650 | 0 | |a Mathematics. | |
| 650 | 0 | |a Mathematical models. | |
| 650 | 0 | |a Vibration |x Mathematical models. | |
| 650 | 0 | |a Ecology |x Mathematical models. | |
| 650 | 0 | |a Traffic flow |x Mathematical models. | |
| 010 | |a 76048911 | ||
| 040 | |a DLC |c DLC |d DLC | ||
| 859 | |h 00A69 |i H114 |p A-4927 |b BIB. MATEMATICA | ||
